VRAI / FAUX Ligne 11 du métro parisien - Statistiques

Statistiques générales
  • Ce quiz a été pris 21 fois
  • Le résultat moyen est 15 sur 30
Statistiques - réponses
Question Réponse % Correct
La station Télégraphe est installée sur un des points hauts de Paris et la plus haute du réseau VRAI
100%
La station Serge Gainsbourg a ouvert le 13 juin 2024. VRAI
89%
La station Télégraphe doit son nom à la présence autrefois d'un relais de télégraphe Chappe dans la rue du télégraphe. VRAI
78%
La station Rambuteau est ouverte en 1935 VRAI
78%
La ligne 11 a connu sa dernière extension en 2024 VRAI
78%
La station Pyrénées a servi d'abri lors des bombardements pendant la 2e Guerre mondiale VRAI
78%
La station Serge Gainsbourg n'est en relation avec aucune ligne de bus FAUX
67%
Le 1er avril 2020, la station est renommée Vosges le temps de la journée FAUX
67%
La station Goncourt est située entre les stations République et Pyrénées FAUX
67%
Pour se rendre à la mairie de Romainville on peut descendre à la station Romainville - Carnot VRAI
67%
La station Montreuil - Hôpital dessert l'hôpital André-Grégoire VRAI
67%
La ligne 11 mesure moins de 12 km et compte 19 stations VRAI
67%
La station Romainville - Carnot a ouvert en 2024. VRAI
67%
La station Rambuteau est sous-titrée de nos jours Beaubourg FAUX
56%
La station Serge Gainsbourg dessert le Jardin Serge Gainsbourg FAUX
56%
La signalétique de la ligne 11 est le nombre 11 en blanc sur un rond bleu marine FAUX
56%
La station Goncourt est sous-titrée Canal St Martin FAUX
56%
La station La Dhuys était prévue comme aérienne et a finalement été réalisée en souterrain VRAI
56%
La station Jourdain évoque ce fleuve de Palestine car toutes les paroisses de l'ancien village de Belleville, sur le territoire duquel elle se trouve, ont été dédiées au fil du temps à St Jean-Baptiste, qui baptisait dans le Jourdain. VRAI
56%
Le nom de la station Serge Gainsbourg a été choisi par les habitants des Lilas FAUX
44%
La station Coteaux Beauclair dessert à la fois Noisy-le-Sec et Montreuil FAUX
33%
La station Marie des Lilas est ouverte comme terminus occidental de la ligne 11 FAUX
33%
La station La Dhuys tire son nom indirectement d'une rivière de l'Aisne, La Duis dont l'eau est capté pour alimenter Paris via l'aqueduc de la Dhuis. FAUX
22%
La station Rosny-Bois-Perrier est la 324e station du métro parisien. FAUX
22%
Le 1er avril 2016, la station Télégraphe est renommée brièvement #Tweet en référence au réseau social X VRAI
22%
Serge Gainsbourg a chanté en 1968 Le Poinçonneur des Lilas FAUX
11%
La station Marie des Lilas a été ouverte le 17 janvier 1947 FAUX
11%
La station Goncourt rend hommage aux Frères Edgard et Jules de Goncourt, créateurs du célèbre prix FAUX
11%
Le 1er avril 2017, la station est renommée no 1 au Goncourt de beauté le temps d'une journée VRAI
11%
La station Romainville - Carnot devait initialement s'appeler Place Carnot FAUX
0%
Aucun quiz correspondant
Distribution des résultats
% des personnes avec chaque résultat
Percentile par nombre de réponses
Votre historique - résultats
Vous n’avez pas pris ce quiz